The student bible dictionary : (Record no. 283332)
[ view plain ]
| 000 -LEADER | |
|---|---|
| fixed length control field | 00525nam a2200133Ia 4500 |
| 008 - FIXED-LENGTH DATA ELEMENTS--GENERAL INFORMATION | |
| fixed length control field | 150223s9999 xx 000 0 und d |
| 020 ## - INTERNATIONAL STANDARD BOOK NUMBER | |
| International Standard Book Number | 1577489853 |
| 050 ## - LIBRARY OF CONGRESS CALL NUMBER | |
| Classification number | BS 440 |
| Item number | .D637 2000 |
| 100 ## - MAIN ENTRY--PERSONAL NAME | |
| Personal name | Dockrey, Karen et. al. |
| 245 #4 - TITLE STATEMENT | |
| Title | The student bible dictionary : |
| Remainder of title | a complete learning system to help you understand words, people, places, and events of the Bible / |
| Statement of responsibility, etc | Karen Dockrey et. al. |
| 250 ## - EDITION STATEMENT | |
| Edition statement | 2000 Ed. |
| 260 ## - PUBLICATION, DISTRIBUTION, ETC. (IMPRINT) | |
| Place of publication, distribution, etc | Uhrichsville : |
| Name of publisher, distributor, etc | Barbour Publishing, |
| Date of publication, distribution, etc | 2000 |
| 300 ## - PHYSICAL DESCRIPTION | |
| Extent | 256 pages : |
| Other physical details | Colored, Illustration ; |
| Dimensions | 23 cm. |
No items available.